00616cam3a220020500 4500001001200000003000500012005001700017008004100034035001900075035002200094040000900116041002700125110004900152245005000201260004200251651004800293949004400341004000600385999001900391tmp15775558UPRA20190823112810.0951025s1959 za f eng u a(Sirsi) r44889 a(UPRA)tmp15775558 cUPRA1 aengund undhengund und1 bDevelopment Commissioner c8.1..20.86A2457.110aProgress at Mungwi =bUbuyantanshi ku Mungwi. aNdola :bRhodesian Printers,c[1959?] 0aMungwi, Zambia (Northern province)6S1671.1 a(O2) 1959/12wlccmMAINtBOOKlON-SHELF44889 c153756d153756